000 00609nam a2200217 a 4500
001 BRCA_7179
005 20190320205736.0
008 130112s1913----gw-ac#####---#000-0#ger-#
041 _ager
044 _agw
050 4 _aDL971 .L2
_b.T87 1913
100 1 _aTuri, Johan
_917798
245 1 0 _aDas Buch des Lappen
_cJohan Turi; Hrsg. von Emilie Demant.
260 _aFrankfurt, Alemania
_bRutten & Loening
_c1913
300 _axix, 262 p.
_bil., retratos
_c21 cm.
500 _aP69
650 1 4 _aLaponia
_eDescripción
_917799
700 1 _aDemant-Hatt, Emilie
_eed.
_917800
902 _aGFM
942 _2lcc
_cB
999 _c6860
_d6860